Memoirs of Prince Metternich /

Spremljeno u:
Bibliografski detalji
Glavni autor: Metternich-Winneburg, Clemens Lothar Wenzel, Furst von
Daljnji autori: Metternich-Winneburg, Richard Clemens Lothar, Furst von
Format: Knjiga
Jezik:English
Izdano: Lond. : Bentley, 1880, 1881.
Teme:
LEADER 01458nam a22002891 4500
001 c000366416
003 CARM
005 00000000000000.0
008 851211m18801881enk 0 eng d
019 1 |a 4166625  |5 LACONCORD2021 
035 |a (OCoLC)219753001  |5 LACONCORD2021 
100 2 |a Metternich-Winneburg, Clemens Lothar Wenzel,  |c Furst von. 
245 1 0 |a Memoirs of Prince Metternich /  |c ed. by Prince Richard Metternich. The papers classified and arr. by M.A. de Klinkowstrom; trans. by Mrs. A.Napier. 
260 |a Lond. :  |b Bentley,  |c 1880,  |c 1881. 
300 |a V. 1-4. 
600 1 0 |a Metternich, Clemens,  |c Fürst von,  |d 1773-1859. 
700 2 |a Metternich-Winneburg, Richard Clemens Lothar,  |c Furst von. 
852 8 |b CARM  |h A1:AO13F0  |i B08143  |p 0359983  |f BK 
852 8 |b CARM  |h A1:AN03G0  |i B08452  |p 0408042  |f BK 
852 8 |b CARM  |h A1:AO13F0  |i B08143  |p 0359982  |f BK 
852 8 |b CARM  |h A1:AN03G0  |i B08452  |p 0408041  |f BK 
082 0 4 |a 943.604 
999 f f |i 19bc2428-ec65-5f03-b9b7-fb81d1020ded  |s c0856703-ac49-5c00-b912-7f9821e58a19 
952 f f |p Can circulate  |a CAVAL  |b CAVAL  |c CAVAL  |d CARM 1 Store  |e B08143  |f A1:AO13F0  |h Other scheme  |i book  |m 0359982 
952 f f |p Can circulate  |a CAVAL  |b CAVAL  |c CAVAL  |d CARM 1 Store  |e B08452  |f A1:AN03G0  |h Other scheme  |i book  |m 0408041 
952 f f |p Can circulate  |a CAVAL  |b CAVAL  |c CAVAL  |d CARM 1 Store  |e B08452  |f A1:AN03G0  |h Other scheme  |i book  |m 0408042 
952 f f |p Can circulate  |a CAVAL  |b CAVAL  |c CAVAL  |d CARM 1 Store  |e B08143  |f A1:AO13F0  |h Other scheme  |i book  |m 0359983